000 00539 a2200181 4500
003 OSt
005 20231215103659.0
008 231215b |||||||| |||| 00| 0 eng d
020 _a9789384638825
040 _coclc
082 _a894.8128
_bELA/A
100 _aElayidam, Sunil P
_93291
245 _aAparathe thodumbol /
_cSunil P. Ilayidam and Rafiq Ibrahim
250 _a1st ed.
260 _aKozhikode:
_bProgress Publication,
_c2018.
300 _a194p.
942 _2ddc
_cBK
_h894.8128
_iELA/A
_k894.8128
_mELA/A
999 _c44142
_d44142